000 00884nam a2200265 i 4500
001 13345
003 ES-MaACL
005 20231223062601.0
007 t|
008 970905s1995 sp |||| |dspa j
020 _a84-7681-225-6
080 _a821.134.2-94"19"
080 _a929.52 Baroja
100 1 _aCaro Baroja, Pío,
_d1928-2015
_935406
245 1 0 _aItinerario sentimental
_b: (guía de Itzea) /
_cPío Caro Baroja ; con textos de Pío Baroja y Julio Caro Baroja.
260 _a[Pamplona] :
_bPamiela,
_c1995.
300 _a239 p. :
_bil. col. y n. ;
_c22 cm.
490 1 _aPamiela ensayo y testimonio ;
_v21
600 1 4 _aBaroja (Familia)
_925760
700 1 _aBaroja, Pío,
_d1872-1956
_925752
700 1 _aCaro Baroja, Julio,
_d1914-1995
_935403
830 0 _aPamiela ensayo y testimonio ;
_v21
_9226551
852 _aES-MaACL
_jL-20721
999 _c13345
_d13345